| 000 | 00571cam a22001337a 4500 | ||
|---|---|---|---|
| 008 | 180718b2005 xxu||||| |||| 00| 0 eng d | ||
| 082 | _aAPPPA/2004-05/VEE/50 | ||
| 100 | _aVeerwal, Ombir Singh | ||
| 245 |
_aBusiness management and competition in government as a sergice provider: an appraisal of premum products and services of department of post _cby Ombir Singh Veerwal |
||
| 260 |
_aNew Delhi _bIndian Institute of Public Administration _c2005 |
||
| 300 | _av.p. | ||
| 500 | _aAn APPPA M.Phil dissertation, 2004-05 (Guide: N.C. Ganguli) | ||
| 650 | _aBusiness management | ||
| 999 |
_c493112 _d493112 |
||